Asian rural society : China, India, Japan
This is a collection of the author's essays and survey reports on contemporary Japan, from a sociological point of view. With rich and valuable data, the author presents careful studies of he democratization of the postwar raral community and discusses such imporrant problems for contemporary s...
Na minha lista:
| Autor principal: | |
|---|---|
| Formato: | Livro |
| Idioma: | Undetermined |
| Publicado em: |
Tokyo
University of Tokyo press
1967
|
| Assuntos: | |
| Tags: |
Adicionar Tag
Sem tags, seja o primeiro a adicionar uma tag!
|
| Thư viện lưu trữ: | Trung tâm Học liệu Trường Đại học Cần Thơ |
|---|
| LEADER | 00966nam a2200217Ia 4500 | ||
|---|---|---|---|
| 001 | CTU_228880 | ||
| 008 | 210402s9999 xx 000 0 und d | ||
| 082 | |a 301.35095 | ||
| 082 | |b F961 | ||
| 100 | |a Fukutake, Tadashi | ||
| 245 | 0 | |a Asian rural society : | |
| 245 | 0 | |b China, India, Japan | |
| 245 | 0 | |c Tadashi Fukutake | |
| 260 | |a Tokyo | ||
| 260 | |b University of Tokyo press | ||
| 260 | |c 1967 | ||
| 520 | |a This is a collection of the author's essays and survey reports on contemporary Japan, from a sociological point of view. With rich and valuable data, the author presents careful studies of he democratization of the postwar raral community and discusses such imporrant problems for contemporary society as the influence of rapid industrialization on the regional community. | ||
| 650 | |a Châu Á,Asia | ||
| 650 | |x Điều kiên nông thôn,Rural conditions | ||
| 910 | |b dqhieu | ||
| 980 | |a Trung tâm Học liệu Trường Đại học Cần Thơ | ||